[Event "6th Ferdowsi International Chess Open Tournament"]
[Site "Mashhad"]
[Date "2016.02.04"]
[Round "8"]
[Board "10"]
[White "Mirzoev, Azer"]
[Black "Rahimian, Rastin"]
[Result "1-0"]
[WhiteElo "2539"]
[BlackElo "2130"]
[PlyCount "0"]
[EventDate "2016.01.29"]
[EventRounds "9"]
[EventCountry "IRI"]

1. d4 {[%clk 1:24:43]} Nf6 {[%clk 1:30:31]} 2. Nf3 {[%clk 1:25:04]} e6
{[%clk 1:30:52]} 3. c4 {[%clk 1:25:29]} b6 {[%clk 1:31:17]} 4. Nc3
{[%clk 1:25:50]} Bb4 {[%clk 1:30:45]} 5. Qc2 {[%clk 1:25:23]} Bb7
{[%clk 1:30:49]} 6. a3 {[%clk 1:25:49]} Bxc3+ {[%clk 1:30:50]} 7. Qxc3
{[%clk 1:26:17]} Ne4 {[%clk 1:30:21]} 8. Qc2 {[%clk 1:26:42]} O-O
{[%clk 1:29:11]} 9. g3 {[%clk 1:27:07]} c5 {[%clk 1:24:08]} 10. Bg2
{[%clk 1:21:35]} d5 {[%clk 1:22:33]} 11. dxc5 {[%clk 1:16:51]} bxc5
{[%clk 1:22:08]} 12. O-O {[%clk 1:17:10]} Qe7 {[%clk 1:15:36]} 13. b3
{[%clk 1:13:22]} Na6 {[%clk 1:08:07]} 14. Bb2 {[%clk 1:13:27]} Rfd8
{[%clk 1:07:08]} 15. Rfd1 {[%clk 1:10:58]} Nc7 {[%clk 0:41:52]} 16. Ne5
{[%clk 1:04:55]} f6 {[%clk 0:39:33]} 17. Ng4 {[%clk 1:01:05]} Rac8
{[%clk 0:35:49]} 18. Ne3 {[%clk 1:00:41]} Na6 {[%clk 0:18:42]} 19. Rac1
{[%clk 0:59:57]} Qf7 {[%clk 0:15:59]} 20. h4 {[%clk 0:58:04]} f5 {[%clk 0:14:52]}
21. cxd5 {[%clk 0:51:15]} exd5 {[%clk 0:15:11]} 22. Be5 {[%clk 0:51:40]} d4
{[%clk 0:12:50]} 23. Nc4 {[%clk 0:51:36]} Nc3 {[%clk 0:11:04]} 24. Bxb7
{[%clk 0:51:26]} Qxb7 {[%clk 0:11:07]} 25. Re1 {[%clk 0:50:34]} Qe4
{[%clk 0:09:35]} 26. Qxe4 {[%clk 0:49:09]} Nxe4 {[%clk 0:06:58]} 27. f3
{[%clk 0:48:39]} Nc3 {[%clk 0:06:33]} 28. e3 {[%clk 0:48:08]} Nd5
{[%clk 0:01:49]} 29. exd4 {[%clk 0:47:04]} cxd4 {[%clk 0:02:12]} 30. Bxd4
{[%clk 0:47:25]} Ndb4 {[%clk 0:01:23]} 31. Red1 {[%clk 0:45:09]} Nc6
{[%clk 0:01:14]} 32. Bf2 {[%clk 0:45:02]} Ne7 {[%clk 0:00:41]} 33. Bxa7
{[%clk 0:44:48]} 1-0

[Event "6th Ferdowsi International Chess Open Tournament"]
[Site "Mashhad"]
[Date "2016.02.04"]
[Round "8"]
[Board "11"]
[White "Gholami Orimi, Mahdi"]
[Black "Polyakov, Maxim"]
[Result "1/2-1/2"]
[WhiteElo "2226"]
[BlackElo "2444"]
[PlyCount "0"]
[EventDate "2016.01.29"]
[EventRounds "9"]
[EventCountry "IRI"]

1. d4 {[%clk 1:30:59]} d5 {[%clk 1:27:30]} 2. c4 {[%clk 1:31:21]} dxc4
{[%clk 1:27:34]} 3. Nf3 {[%clk 1:31:18]} Nf6 {[%clk 1:27:35]} 4. Nc3
{[%clk 1:31:35]} a6 {[%clk 1:27:49]} 5. a4 {[%clk 1:31:04]} Nc6 {[%clk 1:28:05]}
6. d5 {[%clk 1:21:48]} Na5 {[%clk 1:28:28]} 7. e4 {[%clk 1:21:31]} e6
{[%clk 1:28:37]} 8. Bg5 {[%clk 1:05:58]} Be7 {[%clk 1:28:46]} 9. Bxf6
{[%clk 1:05:56]} Bxf6 {[%clk 1:29:01]} 10. Qc2 {[%clk 1:06:07]} exd5
{[%clk 1:27:45]} 11. Nxd5 {[%clk 1:05:04]} c6 {[%clk 1:26:51]} 12. Nxf6+
{[%clk 1:04:53]} Qxf6 {[%clk 1:27:18]} 13. Bxc4 {[%clk 1:04:37]} Nxc4
{[%clk 1:26:23]} 14. Qxc4 {[%clk 1:04:54]} Bg4 {[%clk 1:26:23]} 15. Nd2
{[%clk 0:57:22]} O-O-O {[%clk 1:25:53]} 16. Qc3 {[%clk 0:52:53]} Qxc3
{[%clk 1:24:18]} 17. bxc3 {[%clk 0:53:22]} Rd3 {[%clk 1:24:26]} 18. Rc1
{[%clk 0:53:46]} Rhd8 {[%clk 1:23:37]} 19. Rc2 {[%clk 0:54:11]} f5
{[%clk 1:15:40]} 20. f3 {[%clk 0:52:08]} Bh5 {[%clk 1:13:24]} 21. exf5
{[%clk 0:52:08]} Bf7 {[%clk 1:13:34]} 22. Ke2 {[%clk 0:52:00]} R3d5
{[%clk 1:09:49]} 23. g4 {[%clk 0:50:08]} Re5+ {[%clk 1:07:40]} 24. Kf2
{[%clk 0:49:42]} Ra5 {[%clk 1:08:08]} 25. Ra1 {[%clk 0:42:25]} b5
{[%clk 1:08:36]} 26. c4 {[%clk 0:41:35]} bxa4 {[%clk 1:08:50]} 27. Ra3
{[%clk 0:37:24]} Kc7 {[%clk 1:07:31]} 28. Ke2 {[%clk 0:34:31]} h5
{[%clk 1:04:45]} 29. h3 {[%clk 0:32:40]} hxg4 {[%clk 1:05:09]} 30. hxg4
{[%clk 0:32:57]} Rh8 {[%clk 1:04:53]} 31. Kd3 {[%clk 0:31:14]} g6
{[%clk 1:03:54]} 32. Rca2 {[%clk 0:28:25]} gxf5 {[%clk 1:03:49]} 33. Rxa4
{[%clk 0:28:39]} Rxa4 {[%clk 1:04:03]} 34. Rxa4 {[%clk 0:29:00]} fxg4
{[%clk 1:04:07]} 35. Rxa6 {[%clk 0:27:02]} Bg6+ {[%clk 1:04:05]} 36. Ke3
{[%clk 0:27:21]} Re8+ {[%clk 1:03:55]} 37. Kf4 {[%clk 0:23:29]} gxf3
{[%clk 1:04:18]} 38. Kxf3 {[%clk 0:23:35]} Kd6 {[%clk 1:04:13]} 39. Ra5
{[%clk 0:23:37]} Bc2 {[%clk 1:04:06]} 40. Rg5 {[%clk 0:23:10]} Re1
{[%clk 1:03:17]} 41. c5+ {[%clk 0:20:18]} Kc7 {[%clk 1:03:23]} 42. Nc4
{[%clk 0:19:49]} Bb3 {[%clk 1:01:28]} 43. Ne3 {[%clk 0:16:12]} Kb7
{[%clk 1:00:50]} 44. Rg7+ {[%clk 0:16:36]} Ka6 {[%clk 1:00:02]} 45. Ke4
{[%clk 0:15:43]} Ba4 {[%clk 0:58:33]} 46. Kd4 {[%clk 0:15:30]} Bb5
{[%clk 0:58:49]} 47. Rg2 {[%clk 0:14:03]} Rh1 {[%clk 0:57:56]} 48. Ra2+
{[%clk 0:12:44]} Kb7 {[%clk 0:58:23]} 49. Nf5 {[%clk 0:12:35]} Rd1+
{[%clk 0:57:44]} 50. Ke3 {[%clk 0:12:04]} Rd5 {[%clk 0:56:49]} 51. Nd6+
{[%clk 0:11:56]} Kc7 {[%clk 0:55:57]} 52. Ra7+ {[%clk 0:09:10]} Kb8
{[%clk 0:56:06]} 53. Nxb5 {[%clk 0:08:13]} cxb5 {[%clk 0:56:26]} 54. Ra5
{[%clk 0:08:04]} Rxc5 {[%clk 0:56:49]} 55. Kd4 {[%clk 0:08:30]} Rh5
{[%clk 0:57:10]} 56. Ra6 {[%clk 0:08:41]} Kb7 {[%clk 0:57:32]} 57. Rg6
{[%clk 0:09:08]} Kc7 {[%clk 0:57:16]} 58. Kc3 {[%clk 0:09:18]} Rh4
{[%clk 0:57:37]} 59. Kb3 {[%clk 0:09:45]} Rc4 {[%clk 0:57:55]} 60. Rh6
{[%clk 0:09:49]} Kb7 {[%clk 0:58:18]} 61. Rg6 {[%clk 0:10:09]} Rc6
{[%clk 0:58:31]} 62. Rxc6 {[%clk 0:10:08]} Kxc6 {[%clk 0:58:55]} 63. Kb4
{[%clk 0:10:17]} Kb6 {[%clk 0:59:24]} 64. Kb3 {[%clk 0:10:42]} Kc5
{[%clk 0:59:50]} 65. Kc3 {[%clk 0:10:56]} b4+ {[%clk 1:00:16]} 66. Kb3
{[%clk 0:11:25]} Kb5 {[%clk 1:00:45]} 67. Kb2 {[%clk 0:11:42]} Kc4
{[%clk 1:01:11]} 68. Kc2 {[%clk 0:12:11]} b3+ {[%clk 1:01:37]} 69. Kb2
{[%clk 0:12:37]} Kb4 {[%clk 1:02:04]} 70. Kb1 {[%clk 0:13:01]} Kc3
{[%clk 1:02:29]} 71. Kc1 {[%clk 0:13:29]} b2+ {[%clk 1:02:54]} 72. Kb1
{[%clk 0:13:58]} Kb3 {[%clk 1:03:19]} 1/2-1/2

[Event "6th Ferdowsi International Chess Open Tournament"]
[Site "Mashhad"]
[Date "2016.02.04"]
[Round "8"]
[Board "12"]
[White "Bagheri, Maziar"]
[Black "Rahmani, Asef"]
[Result "1-0"]
[WhiteElo "2262"]
[BlackElo "2024"]
[PlyCount "0"]
[EventDate "2016.01.29"]
[EventRounds "9"]
[EventCountry "IRI"]

1. Nf3 {[%clk 1:29:01]} d5 {[%clk 1:28:02]} 2. d4 {[%clk 1:29:23]} Nf6
{[%clk 1:27:23]} 3. c4 {[%clk 1:29:47]} e6 {[%clk 1:25:51]} 4. Nc3
{[%clk 1:30:11]} a6 {[%clk 1:25:24]} 5. cxd5 {[%clk 1:29:02]} exd5
{[%clk 1:25:36]} 6. Bg5 {[%clk 1:29:22]} Be7 {[%clk 1:25:14]} 7. Rc1
{[%clk 1:28:58]} c6 {[%clk 1:25:29]} 8. e3 {[%clk 1:29:18]} Nbd7 {[%clk 1:21:30]}
9. Bd3 {[%clk 1:29:37]} O-O {[%clk 1:14:36]} 10. O-O {[%clk 1:29:59]} Re8
{[%clk 1:11:22]} 11. Qc2 {[%clk 1:29:47]} Nf8 {[%clk 1:09:29]} 12. Ne5
{[%clk 1:22:54]} Ng6 {[%clk 1:04:48]} 13. f4 {[%clk 1:20:10]} Ng4
{[%clk 0:59:55]} 14. Bxe7 {[%clk 1:20:06]} Qxe7 {[%clk 1:00:10]} 15. Rce1
{[%clk 1:20:15]} Nf8 {[%clk 0:55:09]} 16. h3 {[%clk 1:19:22]} Nf6
{[%clk 0:49:32]} 17. Na4 {[%clk 1:19:02]} N6d7 {[%clk 0:48:52]} 18. a3
{[%clk 1:17:18]} f6 {[%clk 0:47:40]} 19. Nf3 {[%clk 1:16:39]} Rb8
{[%clk 0:41:14]} 20. e4 {[%clk 1:04:44]} Qf7 {[%clk 0:28:34]} 21. exd5
{[%clk 1:00:51]} cxd5 {[%clk 0:26:11]} 22. Rxe8 Qxe8 {[%clk 0:26:30]} 23. Re1
{[%clk 1:01:30]} Qd8 {[%clk 0:25:45]} 24. Qb3 {[%clk 0:59:18]} b5
{[%clk 0:25:28]} 25. Qxd5+ {[%clk 0:59:38]} Kh8 {[%clk 0:25:46]} 26. Nc5
{[%clk 0:59:35]} Qc7 {[%clk 0:15:15]} 27. Qf7 {[%clk 0:57:31]} Qxf4
{[%clk 0:12:00]} 28. Re8 {[%clk 0:57:19]} Bb7 {[%clk 0:11:19]} 29. Nxd7
{[%clk 0:57:29]} Rxe8 {[%clk 0:11:24]} 30. Qxe8 {[%clk 0:57:55]} Qc1+
{[%clk 0:03:50]} 31. Bf1 {[%clk 0:58:23]} Qc8 {[%clk 0:03:51]} 32. Qxc8
{[%clk 0:58:51]} Bxc8 {[%clk 0:04:05]} 33. Nxf8 {[%clk 0:59:18]} Kg8
{[%clk 0:04:19]} 34. Nxh7 {[%clk 0:59:45]} Kxh7 {[%clk 0:04:28]} 35. Bd3+
{[%clk 1:00:10]} Kg8 {[%clk 0:03:44]} 36. b4 {[%clk 1:00:38]} Bb7
{[%clk 0:03:37]} 37. Kf2 {[%clk 1:01:06]} Kf7 {[%clk 0:03:54]} 38. Ke3
{[%clk 1:01:30]} g6 {[%clk 0:03:15]} 39. Be4 {[%clk 1:01:54]} Bc8
{[%clk 0:03:13]} 40. d5 {[%clk 1:02:18]} f5 {[%clk 0:03:00]} 41. Bc2
{[%clk 1:02:42]} Kf6 {[%clk 0:02:47]} 42. h4 {[%clk 1:03:10]} Bb7
{[%clk 0:00:53]} 43. Kd4 {[%clk 1:03:32]} Bc8 {[%clk 0:00:50]} 44. g3
{[%clk 1:03:45]} Bb7 {[%clk 0:00:57]} 45. Bb3 {[%clk 1:04:06]} Bc8
{[%clk 0:00:37]} 46. d6 {[%clk 1:04:10]} 1-0